| 000 | 00533nam a2200169 a 4500 | ||
|---|---|---|---|
| 005 | 20140412111420.0 | ||
| 008 | 070926s19uu xx 00 eng d | ||
| 020 | _a971-508-054-5 | ||
| 050 |
_aFil 899.211 _bG22 1999 |
||
| 100 | _aGatmaitan, Luis | ||
| 245 |
_aAng pambihirang buhok ni Raquel : _bRaquel's fantastic hair / _cStory by Luis P. Gatmaitan. |
||
| 260 |
_aPhilippines : _bAklat adarna, _cc1999. |
||
| 300 | _a1v. : col. ; 22.5cm. | ||
| 500 | _aFilipino Text | ||
| 650 |
_aChildren's stories _xFilipino |
||
| 999 |
_c105998 _d105998 |
||